000 00562pab a2200205 454500
008 180718b2014 xxu||||| |||| 00| 0 eng d
100 _aPackendorff, Johann
245 _aProject leadership in becoming: A process study of an organizational change project
260 _c2014
300 _ap.5-20.
362 _aJun-Jul
650 _aOrganizational change
650 _aProject management
650 _aLeadership
700 _aLindgren, Monica
700 _aCrevani, Lucia
773 _aProject Management Journal
908 _aN
909 _a105057
999 _c105052
_d105052